000 00438nam a2200169Ia 4500
008 100218t2002 xxu||||| |||| 00| 0 sin d
041 _asin
080 _aX8S31
_bSAM
100 _aSamarakoon, R.R.
245 _aඑක කුස උපන් එවුන්
246 _aEka Kusa Upan Evun
260 _bSadeepa
_aColombo
_c2002
300 _a240p., 21 cm
942 _cBK
999 _c71835
_d71835
003 LK-CoDNM
040 _aLK-CoDNM
_dLK-CoDNM
_eLK-CoDNM